Central Library OPAC University of Rajshahi

Poems / (Record no. 77416)

MARC details
000 -LEADER
fixed length control field 00785nam a22002657a 4500
001 - CONTROL NUMBER
control field 77416
003 - CONTROL NUMBER IDENTIFIER
rucl marc code BD-RjUL
005 - DATE AND TIME OF LATEST TRANSACTION
control field 20211209082953.0
008 - FIXED-LENGTH DATA ELEMENTS--GENERAL INFORMATION
fixed length control field 200906s1949 ||||| |||| 00| 0 eng d
035 ## - SYSTEM CONTROL NUMBER
System control number (BD-RjUL)77641
040 ## - CATALOGING SOURCE
Original cataloging agency BD-RjUL
Language of cataloging eng
Transcribing agency BD-RjUL
041 ## - LANGUAGE CODE
Language code of text/sound track or separate title eng
082 ## - DEWEY DECIMAL CLASSIFICATION NUMBER
Classification number 821
Author mark and year TEP 1949
100 ## - MAIN ENTRY--PERSONAL NAME
Personal name Tennyson, Alfred Tennyson, Baron,
Dates associated with a name 1809-1892
9 (RLIN) 241296
245 10 - TITLE STATEMENT
Title Poems /
Statement of responsibility, etc. Alfred Tennyson
250 ## - EDITION STATEMENT
Edition statement New rev. ed. 1949
260 ## - PUBLICATION, DISTRIBUTION, ETC. (IMPRINT)
Place of publication, distribution, etc. London :
Name of publisher, distributor, etc. J. M. Dent & Sons ltd.
Date of publication, distribution, etc. 1949
300 ## - PHYSICAL DESCRIPTION
Pagination v.;
Size 18 cm.
490 ## - SERIES STATEMENT
Series statement Everyman's library,
Volume/sequential designation 626 : Poetry
505 01 - FORMATTED CONTENTS NOTE
Formatted contents note vol. 2
600 ## - SUBJECT ADDED ENTRY--PERSONAL NAME
Personal name Tennyson, Alfred Tennyson,
Dates associated with a name 1809-1892
650 ## - SUBJECT ADDED ENTRY--TOPICAL TERM
Topical term or geographic name as entry element English poetry
9 (RLIN) 241298
830 ## - SERIES ADDED ENTRY--UNIFORM TITLE
Uniform title Everyman's library,
Volume number/sequential designation 626 : Poetry
942 ## - ADDED ENTRY ELEMENTS (KOHA)
Source of classification or shelving scheme Dewey Decimal Classification
Koha item type Books
Holdings
Lost status Source of classification or shelving scheme Damaged status Not for loan Collection code Permanent Location Current Location Shelving location Date acquired Total Checkouts Full call number Date last seen Copy number Koha item type
  Dewey Decimal Classification   Not For Loan Non-fiction Central Library, University of Rajshahi Central Library, University of Rajshahi Reading Room 06/09/2020   821 TEP V-2 1949 06/09/2020 C-1 Books